Securities Institute An introduction to value-at-risk /

Bibliographic Details
Main Author: Choudhry, Moorad.
Corporate Author: ProQuest (Firm)
Other Authors: Wong, Max.
Format: Electronic eBook
Language:English
Published: Chichester [England] : Wiley, 2013.
Edition:5th ed.
Subjects:
Online Access:Click to View
LEADER 01288nam a2200349 a 4500
001 EBC1173428
003 MiAaPQ
005 20200520144314.0
006 m o d |
007 cr cn|||||||||
008 130506s2013 enka sb 001 0 eng d
020 |z 9781118316726 
020 |a 9781118316702 (electronic bk.) 
035 |a (MiAaPQ)EBC1173428 
035 |a (Au-PeEL)EBL1173428 
035 |a (CaPaEBR)ebr10691513 
035 |a (CaONFJC)MIL484651 
035 |a (OCoLC)850147370 
040 |a MiAaPQ  |c MiAaPQ  |d MiAaPQ 
050 4 |a HD61  |b .C46 2013 
100 1 |a Choudhry, Moorad. 
245 1 0 |a Securities Institute  |h [electronic resource] :  |b An introduction to value-at-risk /  |c Moorad Choudhry ; with a contribution from Max Wong. 
250 |a 5th ed. 
260 |a Chichester [England] :  |b Wiley,  |c 2013. 
300 |a xxii, 200 p. :  |b ill. 
504 |a Includes bibliographical references and index. 
533 |a Electronic reproduction. Ann Arbor, MI : ProQuest, 2015. Available via World Wide Web. Access may be limited to ProQuest affiliated libraries. 
650 0 |a Risk management. 
655 4 |a Electronic books. 
700 1 |a Wong, Max. 
710 2 |a ProQuest (Firm) 
856 4 0 |u https://ebookcentral.proquest.com/lib/matrademy/detail.action?docID=1173428  |z Click to View